Obtenga la máxima utilidad de su sierra circular y ensambladora

Bibliographic Details
Main Author: s.a.
Format: Section = Libro
Language:Undetermined
Spanish
Published: Mexico Diana 1971
Subjects:
LEADER 00461nam a2200181Ia 4500
008 240830s9999 xx 000 0 und d
040 |a B-ESTELÍ- RUACS / 684 M611 
041 |a spa 
082 |a 684 M611 
100 1 |a s.a. 
245 1 0 |a Obtenga la máxima utilidad de su sierra circular y ensambladora 
260 |a Mexico  |b Diana  |c 1971 
300 |a 127 p. 
650 7 |a SIERRA CIRCULAR 
650 7 |b  ENSAMBLADORA 
942 |c BK  |2 ddc 
991 |a TEXTO 
999 |c 11569